| 000 | 00859cab a22002295a 4500 | ||
|---|---|---|---|
| 001 | L159972 | ||
| 008 | 150113e2016 xxk 000 0 eng d | ||
| 035 | _a(Sirsi) u159972 | ||
| 041 | 0 | _aeng | |
| 050 | _a690.241 $2 18 | ||
| 100 | 1 | _aRye, Caroline | |
| 245 | 0 | 0 |
_aAccomodating refurbishment _h[electronic resource] |
| 260 |
_aLondon _bRICS _c2016 |
||
| 490 |
_aRICS Building Surveying Journal _vDecember 2016 - January 2017, 32-33(2) |
||
| 520 | _aUnderscores the importance of measurement and monitoring in refurbishing Trinity College, Cambridge. | ||
| 650 | 2 | 4 |
_aRefurbishment _96264 |
| 650 | 2 | 4 | _aENERGY EFFICIENCY |
| 650 | 2 | 4 | _aCAMBRIDGE |
| 690 | _aConservation and restoration | ||
| 856 | 4 | 0 |
_uhttps://www.rics.org/Global/Building_Surveying_Journal_December_2016_January_2017.pdf _zView the article free of charge at www.rics.org... |
| 942 | _n0 | ||
| 999 |
_c85093 _d85093 |
||